Administrative Thinkers (Record no. 343644)

000 -LEADER
fixed length control field 00437 a2200169 4500
020 ## - INTERNATIONAL STANDARD BOOK NUMBER
International Standard Book Number 8120709619
082 ## - DEWEY DECIMAL CLASSIFICATION NUMBER
Classification number 350
090 ## - LOCALLY ASSIGNED LC-TYPE CALL NUMBER (OCLC); LOCAL CALL NUMBER (RLIN)
-- 1113
-- 1113
100 ## - MAIN ENTRY--PERSONAL NAME
Personal name Parsad Ravindra D.
245 ## - TITLE STATEMENT
Title Administrative Thinkers
Statement of responsibility, etc. D. Ravinder Prasad
260 ## - PUBLICATION, DISTRIBUTION, ETC.
Place of publication, distribution, etc. New Delhi, India
Name of publisher, distributor, etc. Sterling Publishers
Date of publication, distribution, etc. 1999
300 ## - PHYSICAL DESCRIPTION
Extent 314
500 ## - GENERAL NOTE
General note Paper Cover
600 ## - SUBJECT ADDED ENTRY--PERSONAL NAME
Personal name Parsad Ravindra D.
700 ## - ADDED ENTRY--PERSONAL NAME
Personal name Parsad Ravindra D.
942 ## - ADDED ENTRY ELEMENTS (KOHA)
Institution code [OBSOLETE] NBS
Koha item type Book
Call number prefix 350 ADM
Holdings
Withdrawn status Lost status Damaged status Not for loan Permanent Location Current Location Date acquired Total Checkouts Full call number Barcode Date last seen Date last checked out Price effective from Koha item type
        Central Library (CL) Central Library (CL) 08/28/2013 1 350 ADM NBS2987 11/23/2017 08/18/2017 08/28/2013 Book
© 2023 Central Library, National University of Sciences and Technology. All Rights Reserved.